000 00937nam a22003017a 4500
003 CHAP
005 20220329135215.0
008 971013s r 00010 d
010 _a32600
011 _a33572
035 _a37688
040 _cCHAP
090 _aFolleto 8241
100 0 0 _aNiño Velázquez, Edilberto.
_981368
245 _aHombre, grupo y desarrollo
260 _a(s.l.) :
_b(s.e.),
_c(s.a.)
300 _a15 h.
500 _aPonencia presentada en : Ciclo de Conferencias sobre Desarrollo Rural. Puebla. Pue. 1971
590 _aBATCH-UPD
_b10
_c20130110
_lUCH01
_h1639
590 _aBATCH-UPD
_b10
_c20130410
_lUCH01
_h1030
590 _aBATCH-UPD
_b10
_c20130914
_lUCH01
_h1146
590 _aCONVERSION
_b10
_c20130109
_lUCH01
_h1318
650 1 4 _aDesarrollo de la comunidad rural.
_931995
650 1 4 _aHombre.
_956037
901 _aBK
942 _cFOLL
949 _aFolleto 8241
_bBC
_cFOLL
_d-86362
_eTS1
_i37688
_si
999 _c32600
_d32600